000 01229nam a22003737a 4500
003 CHAP
005 20220329133107.0
008 971013s1990 r 00010 d
010 _a2078
011 _a3050
035 _a2250
040 _cCHAP
090 _aTesis
100 0 0 _aHernández Narváez, Dora Elia.
_954397
245 _aEvaluación fitopatológica de la variedad de maíz NLVS-2
260 _aMonterrey, N. L. :
_bEl Autor,
_c1990
300 _a106 h.
500 _aD44-109
502 _aTesis (M.C. Esp. en Sanidad Vegetal) -- ITESM. División de Graduados e Investigación
590 _aALEPH
_b10
_c20130110
_lUCH01
_h1211
590 _aBATCH-UPD
_b10
_c20130110
_lUCH01
_h0300
590 _aBATCH-UPD
_b10
_c20130110
_lUCH01
_h2034
590 _aBATCH-UPD
_b10
_c20130409
_lUCH01
_h2331
590 _aBATCH-UPD
_b10
_c20130410
_lUCH01
_h1350
590 _aBATCH-UPD
_b10
_c20130914
_lUCH01
_h1737
590 _aCONVERSION
_b10
_c20130109
_lUCH01
_h1302
650 1 4 _aHelminthosporium maydis.
_953467
650 1 4 _aMaíz
_xEnfermedades.
_970939
650 1 4 _aMaíz
_xNuevo León.
_971029
650 1 4 _aMaíz
_xVariedades.
_971081
901 _aBK
942 _cTESIS
949 _bBC
_cTES
_d-11749
_eTS1
_h24232
_i2250
_si
999 _c2078
_d2078